000 00291nam a2200121Ia 4500
005 20251222144833.0
008 251222s9999||||xx |||||||||||||| ||spa||
082 _a710/B22
100 _aBandino, Giovanni
245 0 _aRio de la Venta Tesoro de Chiapas
250 _a1ra.ed.
942 _cLIB
999 _c20916
_d20916